España, Europa y el mundo de ultramar (1500-1800) / (Registro nro. 11258)

Detalles MARC
000 -LIDER
fixed length control field 01400nam a22003737a 4500
001 - NÚMERO DE CONTROL
Identificador de número de control 000453
003 - IDENTIFICACDOR DE NÚMERO DE CONTROL
control field DO-SdBNP
005 - DATE AND TIME OF LATEST TRANSACTION
control field 20171208111923.0
007 - CAMPOS FIJOS DE DESCRIPCIÓN FÍSICA
fixed length control field 000453
008 - ELEMENTOS DE LONGITUD FIJA
fixed length control field 160831b 2010 sp a ||||| |||| 00| 0 spa d
020 ## - ISBN
International Standard Book Number 9788430607808
040 ## - FUENTE DE CATALOGACIÓN
Agencia que crea de manera original el registro BPMSU
Idioma de catalogación spa
Agencia que realiza la transcripción BPMSU
041 17 - CÓDIGOS DE OBRAS TRADUCIDAS O EN VARIOS IDIOMAS
Código del idioma del texto/archivo de sonido o separata spa
Cód. del idioma original y/o traducciones intermedias del texto eng
082 ## - NÚMERO DE CLASIFICACIÓN DECIMAL DE DEWEY
Classification number 946
Item number E46e
100 1# - ASIENTO PRINCIPAL -- NOMBRE PERSONAL
Nombre personal Elliott, John Huxtable
Fechas asociadas con el nombre 1930-
240 10 - TITULO UNIFORME
Título uniforme [Spain, Europe and the wider world, 1500-1800.
Idioma de una obra Español.
245 10 - MENCIÓN DE TITULO
Título España, Europa y el mundo de ultramar (1500-1800) /
Mención de responsabilidad John H. Elliott ; coordinación de la versión española, Marta Balcells y Juan Carlos Bayo.
260 ## - PUBLICACIÓN, DISTRIBUCIÓN, ETC. (PIE DE IMPRENTA)
Lugar de publicación, distribución, etc Madrid :
Nombre del editor, distribuidor, etc. Taurus,
-- Santillana Ediciones Generales,
Fecha de publicación, distribución, etc 2010.
300 ## - DESCRIPCIÓN FÍSICA
Extensión 410 p. :
Otros detalles físicos il. ;
Dimensiones 24 cm.
490 1# - MENCIÓN DE SERIES
Mención de serie Taurus historia
500 ## - NOTA GENERAL
Nota general Spain, Europe and the wider world, 1500-1800.
500 ## - NOTA GENERAL
Nota general Incluye referencias bibliográficas y notas al pie de las páginas.<br/><br/><br/>
500 ## - NOTA GENERAL
Nota general Incluye datos biográficos del autor en la solapa de la cubierta.<br/><br/><br/>
651 #4 - ENCABEZAMIENTO DE MATERIA--NOMBRE GEOGRÁFICO
Nombre geográfico ESPAÑA
Subdivisión temática general HISTORIA
Subdivisión cronológica 1500-1800
651 #4 - ENCABEZAMIENTO DE MATERIA--NOMBRE GEOGRÁFICO
Nombre geográfico ESPAÑA
Subdivisión temática general RELACIONES
Subdivisión geográfica EUROPA
651 #4 - ENCABEZAMIENTO DE MATERIA--NOMBRE GEOGRÁFICO
Nombre geográfico EUROPA
Subdivisión temática general RELACIONES
Subdivisión geográfica ESPAÑA
700 12 - ASIENTO SECUNDARIO -- NOMBRE PERSONAL
Nombre personal Balcells, Marta
700 12 - ASIENTO SECUNDARIO -- NOMBRE PERSONAL
Nombre personal Bayo, Juan Carlos
830 #0 - ASIENTO SECUNDARIO DE SERIE--TÍTULO UNIFORME
Título uniforme Taurus historia
910 ## - VALIDACIÓN
Validación Validado. Control de calidad MFF
942 ## - ADDED ENTRY ELEMENTS (KOHA)
Source of classification or shelving scheme Dewey Decimal Classification
Koha item type Libros
945 ## - INFORMACIÓN DE PROCESAMIENTO LOCAL
Información de procesamiento local Inventariado extranjero / 2017 YL
956 ## - LOCAL ELECTRONIC LOCATION AND ACCESS (OCLC)
Método de acceso LOPEREZ
Materiales especificados 10
Enlace 20160831
Campo enlazado y núm. de secuencia BPMSU
Nombre de host 00041
Existencias
Withdrawn status Lost status Source of classification or shelving scheme Damaged status Not for loan Collection code Home library Current library Date acquired Source of acquisition Total Checkouts Full call number Barcode Date last seen Price effective from Koha item type Copy number
    Dewey Decimal Classification     Colección General Biblioteca Pública Metropolitana Salomé Ureña Biblioteca Pública Metropolitana Salomé Ureña 08/31/2016 Alfaguara   946 E46e BPMSU16090480 08/31/2016 08/31/2016 Libros  
    Dewey Decimal Classification     Colección General Biblioteca Pública Metropolitana Salomé Ureña Biblioteca Pública Metropolitana Salomé Ureña 08/31/2016 Alfaguara   946 E46e BPMSU16080359 08/31/2016 08/31/2016 Libros ej. 2
    Dewey Decimal Classification     Colección General Biblioteca Pública Metropolitana Salomé Ureña Biblioteca Pública Metropolitana Salomé Ureña 08/31/2016 Alfaguara   946 E46e BPMSU16080360 08/31/2016 08/31/2016 Libros ej. 3